[Event "Dundee & Angus op Challengers"]
[Site "Dundee"]
[Date "2008.??.??"]
[Round "4"]
[White "Morrison, George"]
[Black "Will, Douglas"]
[Result "0-1"]
[WhiteElo "1556"]
[BlackElo "1737"]
[PlyCount "72"]
[EventDate "2008.10.17"]
[EventType "swiss"]
[EventRounds "5"]
[EventCountry "SCO"]
[SourceTitle "EXT 2017"]
[Source "ChessBase"]
[SourceDate "2016.10.25"]
[SourceVersion "1"]
[SourceVersionDate "2016.10.25"]
[SourceQuality "1"]

1. e4 e5 2. Nf3 Nc6 3. Bc4 Nf6 4. d3 Be7 5. 0-0 0-0 6. Bg5 h6 7. Bh4 d6 8. c3 Be6 9. Nbd2 Ng4 10. Bxe6 fxe6 11. Qb3 Bxh4 12. Qxe6+ Kh7 13. Qxg4 Rf4 14. Qh3 Be7 15. g3 Rf7 16. Qg2 g5 17. Nc4 Qg8 18. Nfd2 Raf8 19. Ne3 Bd8 20. a3 Ne7 21. f3 c6 22. Qe2 Bb6 23. Ndc4 Bc7 24. Rf2 d5 25. Nd2 Bb6 26. Raf1 Qg6 27. Kg2 h5 28. Nb3 dxe4 29. fxe4 Rxf2+ 30. Rxf2 Rxf2+ 31. Qxf2 h4 32. Qf3 h3+ 33. Kf1 Bxe3 34. Qxe3 Qf7+ 35. Ke2 Qxb3 36. Qxg5 Qxb2+ 0-1